00371nam a2200109 4500082001700000100001500017245009500032250001000127260009800137300000900235700001700244 aE P25 RE 462 aREHANA M R aSEWCHAR FOR CARBON SEQUESTRATION, HEAVY METAL STABILIZATION AND ORNAMENTAL CROP PRODUCTION aPhD.  aCollege of Agriculture VellayanibDepartment of Soil Science and Agricultural Chemistryc2025 a401p aDr. R GLADIS